| 000 | 00720nam a2200265Ia 4500 | ||
|---|---|---|---|
| 001 | 14757 | ||
| 005 | 20240113235551.0 | ||
| 007 | ta | ||
| 008 | 051128s1963 a g b000 u 465 u | ||
| 040 | _aCotton College Assam | ||
| 041 | _a465 | ||
| 082 |
_a591.16 _bL 335 G |
||
| 100 | _aLasley, John F. . | ||
| 245 | 0 |
_aGenetics of Livestock Improvement / _cJohn F. Lasley. _hTextual Documents |
|
| 250 | _a1st ed. / | ||
| 260 |
_aNew Delhi : _bPrentice-Hall of India(Pvt Ltd) , _cC1963. |
||
| 300 |
_aix,342p. : _bill ; _c22cm . |
||
| 504 | _aIndex | ||
| 653 | _aZoology | ||
| 653 | _aGenetics-Livestock Improvement | ||
| 653 | _aG-Zoology | ||
| 942 |
_2ddc _cBK |
||
| 999 |
_c14743 _d14743 |
||